<?xml version="1.0" encoding="UTF-8"?>
<collection xmlns="http://www.loc.gov/MARC21/slim">
 <record>
  <leader>01237naa a2200241 i 4500</leader>
  <controlfield tag="001">acta84646</controlfield>
  <controlfield tag="005">20260312143546.0</controlfield>
  <controlfield tag="008">240410s2024    hu      o     100   hun d</controlfield>
  <datafield tag="020" ind1=" " ind2=" ">
   <subfield code="a">978-963-648-031-8</subfield>
  </datafield>
  <datafield tag="040" ind1=" " ind2=" ">
   <subfield code="a">SZTE Egyetemi Kiadványok Repozitórium</subfield>
   <subfield code="b">hun</subfield>
  </datafield>
  <datafield tag="041" ind1=" " ind2=" ">
   <subfield code="a">hun</subfield>
  </datafield>
  <datafield tag="100" ind1="1" ind2=" ">
   <subfield code="a">Fekete Miklós</subfield>
  </datafield>
  <datafield tag="245" ind1="1" ind2="0">
   <subfield code="a">Erdély és Párizs között </subfield>
   <subfield code="h">[elektronikus dokumentum] :</subfield>
   <subfield code="b">Lajtha László művészi világnézetének sajátosságai /</subfield>
   <subfield code="c"> Fekete Miklós</subfield>
  </datafield>
  <datafield tag="260" ind1=" " ind2=" ">
   <subfield code="a">SZTE JGYPK Művészeti Intézet Ének-zene Tanszék</subfield>
   <subfield code="b">Szeged</subfield>
   <subfield code="c">2024</subfield>
  </datafield>
  <datafield tag="300" ind1=" " ind2=" ">
   <subfield code="a">63-77</subfield>
  </datafield>
  <datafield tag="490" ind1="0" ind2=" ">
   <subfield code="a">A Juhász Gyula Pedagógusképző Kar Ének-Zene Tanszékének kiadványai</subfield>
  </datafield>
  <datafield tag="490" ind1="0" ind2=" ">
   <subfield code="a">Brun (145) - Gershwin (125) - Kadosa (120) : tanulmánykötet</subfield>
  </datafield>
  <datafield tag="490" ind1="0" ind2=" ">
   <subfield code="a">Nemzetközi Zenei Konferencia</subfield>
  </datafield>
  <datafield tag="650" ind1=" " ind2="4">
   <subfield code="a">Bölcsészettudományok</subfield>
  </datafield>
  <datafield tag="650" ind1=" " ind2="4">
   <subfield code="a">Művészetek (művészetek, művészettörténet, előadóművészetek, zene)</subfield>
  </datafield>
  <datafield tag="695" ind1=" " ind2=" ">
   <subfield code="a">Lajtha László, Zeneszerzés - magyar - 20. sz. - életmű - életrajz, Népzenekutatás - magyar - 20. sz. - életmű - életrajz</subfield>
  </datafield>
  <datafield tag="711" ind1=" " ind2=" ">
   <subfield code="a">Zenei évfordulók, új zenepedagógiai kutatások</subfield>
   <subfield code="c">Szeged</subfield>
   <subfield code="d">2023. október 3-4.</subfield>
  </datafield>
  <datafield tag="856" ind1="4" ind2="0">
   <subfield code="u">http://acta.bibl.u-szeged.hu/84646/1/enek_zene_tanszek_2024_063-077.pdf</subfield>
   <subfield code="z">Dokumentum-elérés </subfield>
  </datafield>
 </record>
</collection>
